000 00737nam a2200229 a 4500
003 MX-MxUPN
005 20240511063835.0
008 220405s1953 mx a||||r|||| 000 0 spa d
040 _aMX-MxUPN
_bspa
_cMX-MxUPN
041 0 _aspa
049 _aLT
050 4 _aLB1577 M6.1
_bV4.4 1953
100 1 _aVelarde, Sergio
_944239
245 1 0 _aEjercicios de lenguaje :
_bprimer libro teoría y práctica de la gramática para 1o y 2o años de enseñanza elemental /
_cSergio Velarde.
250 _a6a ed.
260 _aMéxico, D.F. :
_bProgreso,
_c1953.
300 _a127 p. :
_bil.
650 4 _aEspañol
_xEstudio y enseñanza (Elemental)
_92806
650 4 _aEspañol
_vLibros de texto
_917036
905 _aLibro
942 _2lcc
_cLIBRO
999 _c208373
_d208373